[Event " 3rd International Chess Festival Sport"]
[Site "Paracin"]
[Date "2010.07.12"]
[Round "4"]
[White "Strebkovs Andrejs"]
[Black "Abramovic Bosko"]
[Result "0-1"]
[WhiteElo "2325"]
[BlackElo "2491"]
[PlyCount "120"]
[EventDate "2010.??.??"]

1. d4 Nf6 2. c4 e6 3. g3 d5 4. Nf3 dxc4 5. Bg2 c5 6. O-O Nc6 7. Ne5 Bd7 8. Na3
cxd4 9. Naxc4 Be7 10. Qb3 Qc7 11. Bf4 Nh5 12. Nxc6 Nxf4 13. Nxe7 Nxg2 14. Kxg2
Kxe7 15. Qb4+ Kf6 16. Rac1 Bc6+ 17. Kg1 Rhd8 18. Qd2 Ke7 19. Qb4+ Ke8 20. Rfd1
Rac8 21. Qa3 Qb8 22. Qd3 g6 23. Qa3 b5 24. Na5 Ba8 25. Rxc8 Qxc8 26. Qb4 a6 27.
Qd2 e5 28. Nb3 Kf8 29. Qg5 Re8 30. Qf6 Kg8 31. Rc1 Qb7 32. f3 d3 33. exd3 Qxf3
34. Qxf3 Bxf3 35. Kf2 Bd5 36. Nc5 Rc8 37. b4 Rc6 38. a3 Kg7 39. Re1 f6 40. Ke3
Bf7 41. d4 exd4+ 42. Kxd4 Rd6+ 43. Kc3 f5 44. Ra1 g5 45. a4 Bc4 46. axb5 Bxb5
47. Re1 Kf7 48. Re5 Kf6 49. Re1 h6 50. g4 Kg6 51. gxf5+ Kxf5 52. Re7 h5 53. Rh7
h4 54. Rf7+ Kg6 55. Rf2 Rd1 56. Kc2 Rd4 57. Kb3 g4 58. Ne6 Re4 59. Nf4+ Kg5 60.
Ng2 h3 0-1

[Event " 3rd International Chess Festival Sport"]
[Site "Paracin"]
[Date "2010.07.12"]
[Round "4"]
[White "Kojovic Dragan"]
[Black "Pavlov Sergey"]
[Result "1-0"]
[WhiteElo "2381"]
[BlackElo "2524"]
[PlyCount "195"]
[EventDate "2010.??.??"]

1. e4 e5 2. Nf3 Nc6 3. Bb5 g6 4. c3 Nge7 5. O-O Bg7 6. d4 exd4 7. cxd4 a6 8.
Ba4 b5 9. Bb3 d6 10. h3 O-O 11. Nc3 Na5 12. Bc2 c5 13. dxc5 dxc5 14. Qxd8 Rxd8
15. Be3 Be6 16. Bxc5 Nec6 17. Rad1 Nc4 18. Ng5 Nxb2 19. Nxe6 fxe6 20. Rxd8+
Rxd8 21. Nd1 Nc4 22. Ne3 Bd4 23. Bxd4 Nxd4 24. Rd1 Ne2+ 25. Kh2 Rxd1 26. Nxd1
Nc1 27. Nc3 Kf7 28. f4 b4 29. Na4 Ne3 30. Bb3 Nd3 31. Kg3 Nc1 32. Nc5 Nxb3 33.
axb3 a5 34. Kf2 Nc2 35. Ke2 Ke7 36. Kd2 Nd4 37. Kd3 Nc6 38. e5 g5 39. g3 h5 40.
Ke4 gxf4 41. gxf4 h4 42. Kd3 Kf7 43. Kc4 Ne7 44. Kd4 Nc6+ 45. Ke4 Ke7 46. Na4
Kf7 47. Nb6 Kg6 48. Nc4 Kf7 49. Nd2 Ne7 50. Nc4 Nc6 51. Kd3 Kg6 52. Ne3 Ne7 53.
Ke4 Kf7 54. Kd4 Kg6 55. Kc4 Nf5 56. Ng2 Kh5 57. Kb5 Nd4+ 58. Ka4 Nc6 59. Kb5
Nd4+ 60. Kxa5 Nxb3+ 61. Kxb4 Nd2 62. Kc5 Ne4+ 63. Kc6 Kg6 64. Nxh4+ Kf7 65. Nf3
Ke7 66. h4 Nf2 67. Ng5 Nd3 68. Nh3 Nb4+ 69. Kc7 Nd5+ 70. Kc8 Ne3 71. h5 Ng4 72.
Ng5 Nh6 73. Ne4 Nf5 74. Nf2 Nh6 75. Kc7 Nf5 76. Ng4 Nd4 77. Ne3 Ne2 78. Ng2 Kf7
79. Kd7 Nd4 80. Nh4 Kg7 81. Ng6 Kf7 82. Kd8 Nf5 83. Kd7 Ng3 84. Nh8+ Kg7 85.
Kxe6 Nxh5 86. f5 Nf4+ 87. Ke7 Nd5+ 88. Ke8 Nf6+ 89. Kd8 Nd5 90. Ng6 Ne3 91. Nh4
Nc4 92. e6 Nd6 93. Kd7 Ne4 94. e7 Nf6+ 95. Ke6 Ne8 96. Nf3 Nf6 97. Ne5 Ne8 98.
Ng4 1-0

[Event " 3rd International Chess Festival Sport"]
[Site "Paracin"]
[Date "2010.07.12"]
[Round "4"]
[White "Lahiri Atanu"]
[Black "Savic Miodrag R"]
[Result "0-1"]
[WhiteElo "2353"]
[BlackElo "2477"]
[PlyCount "86"]
[EventDate "2010.??.??"]

1. d4 Nf6 2. c4 e6 3. Nc3 Bb4 4. e3 c5 5. Nf3 d5 6. Bd3 Nc6 7. O-O O-O 8. a3
Bxc3 9. bxc3 dxc4 10. Bxc4 Qc7 11. Bb2 e5 12. h3 Bf5 13. Qe2 Rad8 14. Bb5 e4
15. Nd2 cxd4 16. cxd4 Ne7 17. a4 a6 18. Rfc1 Qb6 19. Ba3 Nfd5 20. Bc4 Rfe8 21.
Qh5 Bg6 22. Qg4 h5 23. Qg5 Kh7 24. Rab1 Qe6 25. Rxb7 Nf5 26. Bxd5 Qxd5 27. Rcc7
Qa2 28. Nxe4 Rxe4 29. Rxf7 Bxf7 30. Qxf5+ Bg6 31. Qf6 Qb1+ 32. Rxb1 gxf6 33.
Rb7+ Kg8 34. Be7 Rd5 35. Bxf6 Be8 36. Be5 Bxa4 37. Rg7+ Kf8 38. Rg5 Rdxe5 39.
dxe5 Be8 40. Kf1 a5 41. Ke2 a4 42. Kd3 a3 43. Kc2 Rb4 0-1

[Event " 3rd International Chess Festival Sport"]
[Site "Paracin"]
[Date "2010.07.12"]
[Round "4"]
[White "Janev Evgeni"]
[Black "Todorovic Bojan"]
[Result "1-0"]
[WhiteElo "2463"]
[BlackElo "2305"]
[PlyCount "97"]
[EventDate "2010.??.??"]

1. e4 e5 2. Nf3 Nc6 3. Bb5 Nf6 4. d3 Bc5 5. Nc3 O-O 6. Bxc6 dxc6 7. h3 Re8 8.
Bg5 h6 9. Bd2 Nd7 10. Ne2 f5 11. Bc3 Nf6 12. Ng3 Bd4 13. Bxd4 exd4 14. Nd2 Be6
15. O-O Qd7 16. f4 c5 17. Nf3 fxe4 18. dxe4 Rad8 19. f5 Bc4 20. Re1 d3 21. cxd3
Qxd3 22. e5 Nd5 23. Qc1 Nb4 24. Re3 Qc2 25. a3 Qxc1+ 26. Rxc1 Nd5 27. Ree1 Nb6
28. Ne4 Rd5 29. g4 Rd3 30. Kf2 Rb3 31. Nxc5 Rxb2+ 32. Kg3 Bd5 33. Nh4 Nc4 34.
e6 b6 35. Nd7 Rb3+ 36. Kh2 Rb2+ 37. Kg1 Rb3 38. Ng6 Rg3+ 39. Kf1 Rxh3 40. Nde5
Ne3+ 41. Kf2 Nxg4+ 42. Nxg4 Rf3+ 43. Kg1 Rxf5 44. Rxc7 Rg5 45. Ne7+ Kh8 46.
Nxd5 Rxd5 47. Ne5 Kg8 48. Rd7 Ra5 49. e7 1-0

[Event " 3rd International Chess Festival Sport"]
[Site "Paracin"]
[Date "2010.07.12"]
[Round "4"]
[White "Bargan Sergei"]
[Black "Dochev Dimitar"]
[Result "0-1"]
[WhiteElo "2331"]
[BlackElo "2430"]
[PlyCount "86"]
[EventDate "2010.??.??"]

1. d4 Nf6 2. c4 g6 3. Nc3 Bg7 4. e4 d6 5. f3 O-O 6. Nge2 c5 7. d5 e6 8. Ng3
exd5 9. cxd5 a6 10. a4 Nbd7 11. Be2 Ne8 12. O-O Rb8 13. Be3 Nc7 14. f4 b5 15.
e5 bxa4 16. Nce4 dxe5 17. f5 Bb7 18. f6 Bh8 19. Bc4 Ne8 20. Bg5 Nb6 21. Ra3 Bc8
22. Ba2 c4 23. d6 Be6 24. Nf5 Bxf5 25. Rxf5 Nd7 26. Rf2 Rb6 27. Raf3 Qb8 28.
Bh6 Nxd6 29. Ng5 Rd8 30. h4 e4 31. Rf4 Ne5 32. Qd5 Rb5 33. Qd4 Qb6 34. Qxb6
Rxb6 35. Nxe4 Nd3 36. Nxd6 Rbxd6 37. Bxc4 Nxf2 38. Rxf2 Rxf6 39. Re2 Rc6 40.
Bd5 Rcd6 41. Bc4 Rd4 42. Bg5 Rb8 43. Bxa6 h6 0-1

[Event " 3rd International Chess Festival Sport"]
[Site "Paracin"]
[Date "2010.07.12"]
[Round "4"]
[White "Zivkovic Ivan B"]
[Black "Nestorovic Dejan"]
[Result "1/2-1/2"]
[WhiteElo "2326"]
[BlackElo "2423"]
[PlyCount "65"]
[EventDate "2010.??.??"]

1. e4 c5 2. Nf3 e6 3. d4 cxd4 4. Nxd4 a6 5. c4 Nf6 6. Nc3 Bb4 7. Qc2 O-O 8. Be2
Bxc3+ 9. bxc3 d6 10. Ba3 Qc7 11. e5 dxe5 12. Bxf8 Kxf8 13. Nb3 Nbd7 14. g4 g6
15. g5 Ne8 16. h4 b5 17. h5 bxc4 18. Nd2 Bb7 19. Rh4 Nc5 20. hxg6 hxg6 21. Nxc4
e4 22. Rd1 Bc6 23. Qc1 Bb5 24. Qe3 Bxc4 25. Bxc4 Rc8 26. Rh8+ Ke7 27. Qd4 e5
28. Qd5 Ne6 29. Rh7 Kf8 30. Qxe6 fxe6 31. Rxc7 Rxc7 32. Bxa6 Rxc3 33. Bb5
1/2-1/2

[Event " 3rd International Chess Festival Sport "]
[Site "Paracin"]
[Date "2010.07.12"]
[Round "4.19"]
[White "Savic, Dragan"]
[Black "Andrijevic, Milan"]
[Result "0-1"]
[WhiteElo "2182"]
[BlackElo "2375"]
[PlyCount "112"]
[EventDate "2010.07.09"]

1. b4 Nf6 2. Bb2 e6 3. b5 d5 4. e3 c5 5. Nf3 Nbd7 6. a4 a5 7. Na3 Bd6 8. c4 O-O
9. Be2 b6 10. O-O Bb7 11. d4 Ne4 12. h3 Rc8 13. Nd2 Ndf6 14. Nxe4 Nxe4 15. Qb3
Qg5 16. f4 Qg3 17. Rf3 Qh4 18. Qd1 Ng3 19. Rf2 Nxe2+ 20. Qxe2 Rfd8 21. cxd5
exd5 22. Nc2 c4 23. Bc3 Re8 24. Qd2 Re7 25. Rf3 h5 26. Qf2 Qf6 27. Rg3 Qf5 28.
Rc1 f6 29. Ne1 Rce8 30. Nf3 Rxe3 31. Nh4 Qxf4 32. Rxe3 Qxe3 33. Qxe3 Rxe3 34.
Nf5 Re6 35. Nxd6 Rxd6 36. Re1 Kf7 37. Kf2 Bc8 38. Ke2 Bf5 39. Kd1 h4 40. Re3
Re6 41. Rxe6 Kxe6 42. Be1 Be4 43. Bxh4 Bxg2 44. Bg3 Bxh3 45. Bc7 Kf5 46. Bxb6
Ke4 47. Kc2 Bd7 48. Bxa5 f5 49. Be1 Ke3 50. Bd2+ Kxd4 51. Bc3+ Ke3 52. Bxg7 d4
53. Kb2 f4 54. Bh6 Ke4 55. Bg5 f3 56. Bh4 Ke3 0-1

[Event " 3rd International Chess Festival Sport "]
[Site "Paracin"]
[Date "2010.07.12"]
[Round "4.20"]
[White "Panic, Nenad"]
[Black "Petrovic, Marija"]
[Result "0-1"]
[WhiteElo "2371"]
[BlackElo "2208"]
[PlyCount "90"]
[EventDate "2010.07.09"]

1. f4 d5 2. Nf3 Nc6 3. e3 Bg4 4. h3 Bxf3 5. Qxf3 Nf6 6. Bb5 Qd6 7. b3 a6 8. Be2
e6 9. Bb2 Qc5 10. c3 Qb6 11. d4 Ne4 12. Nd2 Nxd2 13. Kxd2 O-O-O 14. Kc2 Kb8 15.
Rac1 Qa5 16. Kb1 Ba3 17. b4 Nxb4 18. cxb4 Qxb4 19. Rc2 Rd6 20. Bd3 Rb6 21. Qe2
Rd8 22. Qd2 Qa4 23. Ka1 Bxb2+ 24. Rxb2 Rxb2 25. Qxb2 Rd6 26. Rc1 Rb6 27. Qc2
Qa3 28. Qxc7+ Ka7 29. Qc2 Rc6 30. Qxc6 bxc6 31. Rd1 Qc3+ 32. Kb1 a5 33. a4 Qa3
34. Rd2 Qxa4 35. Bc2 Qb4+ 36. Kc1 a4 37. Rd3 Kb6 38. Kd1 Ka5 39. g4 Qb2 40. Kd2
Kb4 41. Kd1 a3 42. Rd2 a2 43. Ke2 Qc1 44. Bxh7 Qxd2+ 45. Kxd2 a1=Q 0-1

[Event " 3rd International Chess Festival Sport "]
[Site "Paracin"]
[Date "2010.07.12"]
[Round "4.14"]
[White "Stanojoski, Zvonko"]
[Black "Djosic, Slavoljub"]
[Result "1-0"]
[WhiteElo "2487"]
[BlackElo "2264"]
[PlyCount "120"]
[EventDate "2010.07.09"]

1. g3 g6 2. Bg2 Bg7 3. c4 c5 4. Nc3 Nc6 5. Rb1 e6 6. d3 Nge7 7. Bd2 O-O 8. a3
d5 9. Nf3 dxc4 10. dxc4 e5 11. O-O Be6 12. b3 h6 13. Qc1 Kh7 14. Rd1 Qc8 15.
Ne4 b6 16. b4 cxb4 17. axb4 Qc7 18. b5 Nd4 19. Nxd4 exd4 20. Qa3 f5 21. Bb4
fxe4 22. Bxe7 Rf7 23. Bxe4 Re8 24. Bd6 Qxc4 25. Qd3 Qxd3 26. exd3 Rd8 27. Bb4
Bd5 28. f3 Bxe4 29. fxe4 Rc7 30. Rdc1 Rdc8 31. Rxc7 Rxc7 32. Ra1 Be5 33. Bd2 g5
34. Kf2 Kg6 35. Ke2 Rc5 36. Rxa7 Rxb5 37. Re7 Kf6 38. Re8 Kf7 39. Rc8 Rb2 40.
Kd1 Kg6 41. Rc6+ Kg7 42. Re6 Rb5 43. Kc2 Bf6 44. g4 Rc5+ 45. Kb3 Rb5+ 46. Bb4
Kf7 47. Rc6 Be7 48. Rc4 Bxb4 49. Rxb4 Rc5 50. Rxd4 Rc1 51. Rd6 Kg7 52. e5 Rh1
53. Rd7+ Kg6 54. d4 Rxh2 55. d5 h5 56. gxh5+ Rxh5 57. e6 g4 58. e7 Re5 59. d6
g3 60. Rd8 g2 1-0

[Event " 3rd International Chess Festival Sport "]
[Site "Paracin"]
[Date "2010.07.12"]
[Round "4.24"]
[White "Pantelic, Sasa"]
[Black "Bargan, Svetlana"]
[Result "1-0"]
[WhiteElo "2335"]
[BlackElo "2027"]
[PlyCount "123"]
[EventDate "2010.07.09"]

1. d4 d6 2. c4 e5 3. Nf3 Nc6 4. Nc3 Nf6 5. Bg5 Be7 6. e3 O-O 7. Be2 Re8 8. O-O
Nd7 9. Bxe7 Qxe7 10. Nd5 Qd8 11. Qc2 Ne7 12. dxe5 dxe5 13. Rad1 c6 14. Nc3 Qc7
15. Ne4 Nf8 16. Nd6 Rd8 17. c5 Neg6 18. Ng5 Be6 19. Bc4 Bxc4 20. Qxc4 Rd7 21.
h4 h6 22. Ngxf7 Rxf7 23. h5 Nh8 24. f4 Qe7 25. f5 Qg5 26. e4 Qxh5 27. Rd3 Rd8
28. f6 Rdd7 29. Rff3 Rxd6 30. cxd6 Qg4 31. fxg7 Kxg7 32. Rxf7+ Nxf7 33. Qb3 Qd7
34. Qd1 Ng5 35. Qe1 Ng6 36. Kh2 Nf4 37. Rd2 Kh7 38. Qe3 Nfe6 39. Qxa7 Nd4 40.
Qb8 Nxe4 41. Qf8 Nxd6 42. Rf2 Ne6 43. Qf6 e4 44. Qe5 Ng5 45. Rd2 Ngf7 46. Qxe4+
Nxe4 47. Rxd7 Ned6 48. a4 Kg6 49. a5 Kf6 50. Rxb7 Nxb7 51. a6 Nbd6 52. a7 c5
53. a8=Q c4 54. Qd5 Kg6 55. Kg3 Kf6 56. Kf4 Ke7 57. Ke3 Kf6 58. Kd4 Ke7 59. Qh5
Ke6 60. Qg4+ Kf6 61. Kd5 Ke7 62. Qe6+ 1-0

[Event " 3rd International Chess Festival Sport "]
[Site "Paracin"]
[Date "2010.07.12"]
[Round "4.22"]
[White "Kiroski, Toni"]
[Black "Kolbert, Engelbert"]
[Result "1/2-1/2"]
[WhiteElo "2362"]
[BlackElo "2129"]
[PlyCount "64"]
[EventDate "2010.07.09"]

1. c4 Nf6 2. Nc3 g6 3. e4 d6 4. Nge2 Bg7 5. g3 O-O 6. Bg2 e5 7. O-O c5 8. f4
exf4 9. Nxf4 Nc6 10. d3 Ng4 11. Nce2 a6 12. Rb1 b5 13. b3 Rb8 14. Nd5 Be6 15.
Bf4 g5 16. Bd2 Nge5 17. Bc3 b4 18. Ba1 Bg4 19. h3 Be6 20. g4 a5 21. Ng3 Ra8 22.
Nh5 h6 23. Ndf6+ Kh8 24. d4 cxd4 25. Bxd4 a4 26. c5 axb3 27. axb3 Ra2 28. Nxg7
Kxg7 29. Nh5+ Kh7 30. Nf6+ Kg7 31. Nh5+ Kh7 32. Nf6+ Kg7 1/2-1/2

[Event " 3rd International Chess Festival Sport "]
[Site "Paracin"]
[Date "2010.07.12"]
[Round "4.21"]
[White "Rajkovic, Branislav"]
[Black "Colovic, Dusan"]
[Result "1/2-1/2"]
[WhiteElo "2175"]
[BlackElo "2369"]
[PlyCount "37"]
[EventDate "2010.07.09"]

1. e4 e6 2. d4 b6 3. c4 Bb7 4. Bd3 Qh4 5. h3 Bb4+ 6. Nc3 f5 7. Nf3 Qh5 8. Qe2
Nh6 9. Bd2 O-O 10. O-O-O Nc6 11. Rdg1 Bxc3 12. Bxc3 fxe4 13. Bxe4 Na5 14. Bxb7
Nxb7 15. g4 Qf7 16. Rg3 Nd6 17. Bd2 b5 18. cxb5 e5 19. dxe5 1/2-1/2

[Event " 3rd International Chess Festival Sport "]
[Site "Paracin"]
[Date "2010.07.12"]
[Round "4.17"]
[White "Ganaus, Hannes"]
[Black "Jerez Perez, Alfonso"]
[Result "1/2-1/2"]
[WhiteElo "2288"]
[BlackElo "2415"]
[PlyCount "42"]
[EventDate "2010.07.09"]

1. d4 Nf6 2. c4 g6 3. Nc3 d5 4. Bg5 Ne4 5. Bh4 Nxc3 6. bxc3 c5 7. cxd5 Qxd5 8.
e3 Bg7 9. Nf3 cxd4 10. cxd4 Nc6 11. Be2 e5 12. dxe5 Qa5+ 13. Qd2 Qxd2+ 14. Kxd2
Nxe5 15. Nxe5 Bxe5 16. Rab1 O-O 17. Rhc1 b6 18. f4 Bd6 19. Bg3 Rb8 20. Rc6 Bf5
21. Rb3 Be7 1/2-1/2

[Event " 3rd International Chess Festival Sport "]
[Site "Paracin"]
[Date "2010.07.12"]
[Round "4.16"]
[White "Mikanovic, Sandro"]
[Black "Nestorovic, Nikola"]
[Result "1/2-1/2"]
[WhiteElo "2255"]
[BlackElo "2420"]
[PlyCount "45"]
[EventDate "2010.07.09"]

1. Nf3 Nf6 2. b3 g6 3. Bb2 Bg7 4. e3 O-O 5. Be2 c5 6. O-O Nc6 7. c4 b6 8. d4
cxd4 9. Nxd4 Bb7 10. Bf3 Qc8 11. Nxc6 Bxc6 12. Nc3 Bxf3 13. Qxf3 Qc6 14. Qxc6
dxc6 15. Rad1 Rfd8 16. f3 Ne8 17. Kf2 b5 18. Rxd8 Rxd8 19. Rd1 Rb8 20. cxb5
cxb5 21. Rd2 b4 22. Nd5 Bxb2 23. Rxb2 1/2-1/2

[Event " 3rd International Chess Festival Sport "]
[Site "Paracin"]
[Date "2010.07.12"]
[Round "4.12"]
[White "Simantsev, Mikhail"]
[Black "Tomilova, Elena"]
[Result "1-0"]
[WhiteElo "2539"]
[BlackElo "2311"]
[PlyCount "65"]
[EventDate "2010.07.09"]

1. d4 Nf6 2. c4 g6 3. Nc3 Bg7 4. e4 d6 5. h3 O-O 6. Nf3 Na6 7. Bg5 Qe8 8. Be2
e5 9. d5 Nh5 10. g3 f5 11. exf5 gxf5 12. Nh4 Nf6 13. Qc2 Nc5 14. O-O-O Nfe4 15.
Nxe4 Nxe4 16. Be3 Nc5 17. g4 e4 18. Nxf5 Rxf5 19. gxf5 Bxf5 20. Rhg1 Bg6 21. h4
Qe5 22. h5 Nd3+ 23. Kd2 Rf8 24. hxg6 Rxf2 25. gxh7+ Kh8 26. Rdf1 Rxe2+ 27. Kxe2
Qh5+ 28. Kd2 Qh2+ 29. Kd1 Qh5+ 30. Qe2 Nxb2+ 31. Kd2 Bc3+ 32. Kxc3 Qxe2 33.
Bd4+ 1-0

[Event " 3rd International Chess Festival Sport "]
[Site "Paracin"]
[Date "2010.07.12"]
[Round "4.9"]
[White "Irizanin, Radoje"]
[Black "Pakhomov, Alexey"]
[Result "1/2-1/2"]
[WhiteElo "2300"]
[BlackElo "2412"]
[PlyCount "46"]
[EventDate "2010.07.09"]

1. a3 d5 2. Nf3 Nf6 3. e3 g6 4. c4 c6 5. Nc3 Bg7 6. d4 O-O 7. Be2 Bf5 8. O-O
Nbd7 9. cxd5 cxd5 10. b3 Rc8 11. Bb2 Qa5 12. b4 Qd8 13. Ne5 Nb6 14. Qb3 Ne4 15.
Rfd1 Nxc3 16. Bxc3 f6 17. Nd3 Bxd3 18. Bxd3 Nc4 19. b5 Qd7 20. a4 Rc7 21. Rac1
Rfc8 22. Rc2 e6 23. Bb4 Nd6 1/2-1/2

[Event " 3rd International Chess Festival Sport "]
[Site "Paracin"]
[Date "2010.07.12"]
[Round "4.10"]
[White "Nikolov, Sasho"]
[Black "Stojanovic, Zlatko"]
[Result "1-0"]
[WhiteElo "2409"]
[BlackElo "2255"]
[PlyCount "127"]
[EventDate "2010.07.09"]

1. e4 e6 2. d4 d5 3. Nc3 Nf6 4. Bg5 Be7 5. e5 Nfd7 6. h4 h6 7. Bxe7 Qxe7 8. Qd2
a6 9. f4 c5 10. Nf3 Nc6 11. Rh3 b5 12. Ne2 Nb6 13. b3 c4 14. Rg3 Rg8 15. Kf2
Bb7 16. f5 exf5 17. Nf4 O-O-O 18. e6 fxe6 19. Re1 Rd6 20. Rg6 Nd8 21. Qb4 Nd7
22. Rgxe6 Nxe6 23. Ng6 Qf6 24. Qxd6 Re8 25. h5 Nc7 26. Rxe8+ Nxe8 27. Qe7 Nd6
28. Nfe5 Qxe7 29. Nxe7+ Kd8 30. N5g6 Nf6 31. Be2 Kd7 32. Ke3 Ke6 33. Kf4 a5 34.
Bf3 c3 35. Be2 b4 36. g3 Ba8 37. Bf3 Bb7 38. Be2 Nfe4 39. g4 fxg4 40. Bxg4+ Kf6
41. Bf3 Nb5 42. Nxd5+ Bxd5 43. Bxe4 Be6 44. Ke3 Bg4 45. Nf4 Kg5 46. d5 Bd1 47.
Bg6 Kf6 48. Ne6 Na3 49. Nd4 Ke5 50. Be4 Bxh5 51. Nc6+ Kd6 52. Nxa5 Bd1 53. Nc4+
Nxc4+ 54. bxc4 Kc5 55. Kf4 Be2 56. Ke5 Bxc4 57. d6 Bb5 58. Bf5 g5 59. d7 Bxd7
60. Bxd7 h5 61. Kf5 g4 62. Kf4 Kd4 63. Be8 g3 64. Kxg3 1-0

[Event " 3rd International Chess Festival Sport "]
[Site "Paracin"]
[Date "2010.07.12"]
[Round "4.11"]
[White "Ardeleanu, Alin"]
[Black "Adnoy, Hallvard V"]
[Result "1-0"]
[WhiteElo "2399"]
[BlackElo "2275"]
[PlyCount "51"]
[EventDate "2010.07.09"]

1. e4 e5 2. Nf3 Nc6 3. Nc3 Nf6 4. d4 exd4 5. Nxd4 Bb4 6. Nxc6 bxc6 7. Bd3 d5 8.
exd5 cxd5 9. O-O O-O 10. Bg5 c6 11. Qf3 Be7 12. Rae1 h6 13. Bxh6 gxh6 14. Qe3
Bd6 15. Qxh6 Rb8 16. a3 Rb7 17. Re3 Re8 18. Rxe8+ Nxe8 19. Bh7+ Kh8 20. Bf5+
Kg8 21. Qh7+ Kf8 22. Qh8+ Ke7 23. Re1+ Be6 24. Bxe6 fxe6 25. Qh7+ Kf8 26. Qxb7
1-0